书目信息 |
| 题名: |
实用生物毒素学
|
|
| 作者: | 陈宁庆 主编 | |
| 分册: | ||
| 出版信息: | 北京 中国科学技术出版社 2010 |
|
| 页数: | 710页 | |
| 开本: | 26cm | |
| 丛书名: | ||
| 单 册: | ||
| 中图分类: | R996 | |
| 科图分类: | ||
| 主题词: | 生物--毒素--研究 | |
| 电子资源: | ||
| ISBN: | 978-7-5046-2847-3 | |
| 000 | 00776nam0 2200229 450 | |
| 001 | 2342558626 | |
| 005 | 20231224114946.82 | |
| 010 | @a978-7-5046-2847-3@b精装@d138.00CNY | |
| 100 | @a20100714d2010 em y0chiy0120 ea | |
| 101 | 0 | @achi |
| 102 | @aCN@b110000 | |
| 105 | @aa z 000yy | |
| 200 | 1 | @a实用生物毒素学@Ashi yong sheng wu du su xue@f陈宁庆主编 |
| 205 | @a2版 | |
| 210 | @a北京@c中国科学技术出版社@d2010 | |
| 215 | @a710页@c图@d26cm | |
| 330 | @a本书分细菌毒素、真菌毒素、动物毒素、植物毒素和海洋生物毒素5篇,着重介绍我国特有的生物毒素的研究进展、检验方法、临床表现、急救和治疗经验等实用技术。 | |
| 606 | 0 | @a生物@x毒素@x研究 |
| 690 | @aR996@v5 | |
| 701 | 0 | @a陈宁庆@Achen ning qing@f(1923~)@4主编 |
| 801 | 2 | @aCN@b辽宁北配@c20231205 |
| 905 | @aBZT@dR996@e2=2 | |
| 实用生物毒素学/陈宁庆主编.-2版.-北京:中国科学技术出版社,2010 |
| 710页:图;26cm |
| ISBN 978-7-5046-2847-3(精装):138.00CNY |
| 本书分细菌毒素、真菌毒素、动物毒素、植物毒素和海洋生物毒素5篇,着重介绍我国特有的生物毒素的研究进展、检验方法、临床表现、急救和治疗经验等实用技术。 |
| ● |
| 相关链接 |
|
|
|
正题名:实用生物毒素学
索取号:R996/2=2
 
预约/预借
| 序号 | 登录号 | 条形码 | 馆藏地/架位号 | 状态 | 备注 |
| 1 | 2001699378 | 2001699378 | 辽三/辽宁北配(第三批)/3913/ [索取号:R996/2=2] | 在馆 | |
| 2 | 2001699379 | 2001699379 | 辽三/辽宁北配(第三批)/3913/ [索取号:R996/2=2] | 在馆 | |
| 3 | 2001699380 | 2001699380 | 辽三/辽宁北配(第三批)/3913/ [索取号:R996/2=2] | 在馆 | |
| 4 | 2001699381 | 2001699381 | 辽三/辽宁北配(第三批)/3913/ [索取号:R996/2=2] | 在馆 | |
| 5 | 2001699382 | 2001699382 | 辽三/辽宁北配(第三批)/3913/ [索取号:R996/2=2] | 在馆 | |
| 6 | 2001699383 | 2001699383 | 辽三/辽宁北配(第三批)/3913/ [索取号:R996/2=2] | 在馆 | |
| 7 | 2001699384 | 2001699384 | 辽三/辽宁北配(第三批)/3914/ [索取号:R996/2=2] | 在馆 | |
| 8 | 2001699385 | 2001699385 | 辽三/辽宁北配(第三批)/3914/ [索取号:R996/2=2] | 在馆 | |
| 9 | 2001699386 | 2001699386 | 辽三/辽宁北配(第三批)/3914/ [索取号:R996/2=2] | 在馆 | |
| 10 | 2001699387 | 2001699387 | 辽三/辽宁北配(第三批)/3914/ [索取号:R996/2=2] | 在馆 | |
| 11 | 2001699388 | 2001699388 | 辽三/辽宁北配(第三批)/3914/ [索取号:R996/2=2] | 在馆 | |
| 12 | 2001699389 | 2001699389 | 辽三/辽宁北配(第三批)/3914/ [索取号:R996/2=2] | 在馆 | |
| 13 | 2001699390 | 2001699390 | 辽三/辽宁北配(第三批)/3914/ [索取号:R996/2=2] | 在馆 | |
| 14 | 2001699391 | 2001699391 | 辽三/辽宁北配(第三批)/3914/ [索取号:R996/2=2] | 在馆 | |
| 15 | 2001699392 | 2001699392 | 辽三/辽宁北配(第三批)/3914/ [索取号:R996/2=2] | 在馆 | |
| 16 | 2001699393 | 2001699393 | 辽三/辽宁北配(第三批)/3914/ [索取号:R996/2=2] | 在馆 | |
| 17 | 2001699394 | 2001699394 | 辽三/辽宁北配(第三批)/3914/ [索取号:R996/2=2] | 在馆 | |
| 18 | 2001699395 | 2001699395 | 辽三/辽宁北配(第三批)/3914/ [索取号:R996/2=2] | 在馆 | |
| 19 | 2001699396 | 2001699396 | 辽三/辽宁北配(第三批)/3914/ [索取号:R996/2=2] | 在馆 | |
| 20 | 2001699397 | 2001699397 | 辽三/辽宁北配(第三批)/3914/ [索取号:R996/2=2] | 在馆 | |
| 21 | 2001699398 | 2001699398 | 辽三/辽宁北配(第三批)/3914/ [索取号:R996/2=2] | 在馆 | |
| 22 | 2001699399 | 2001699399 | 辽三/辽宁北配(第三批)/3914/ [索取号:R996/2=2] | 在馆 | |
| 23 | 2001699400 | 2001699400 | 辽三/辽宁北配(第三批)/3915/ [索取号:R996/2=2] | 在馆 | |
| 24 | 2001699401 | 2001699401 | 辽三/辽宁北配(第三批)/3915/ [索取号:R996/2=2] | 在馆 | |
| 25 | 2001699402 | 2001699402 | 辽三/辽宁北配(第三批)/3915/ [索取号:R996/2=2] | 在馆 | |
| 26 | 2001699403 | 2001699403 | 辽三/辽宁北配(第三批)/3915/ [索取号:R996/2=2] | 在馆 | |
| 27 | 2001699404 | 2001699404 | 辽三/辽宁北配(第三批)/3915/ [索取号:R996/2=2] | 在馆 | |
| 28 | 2001699405 | 2001699405 | 辽三/辽宁北配(第三批)/3915/ [索取号:R996/2=2] | 在馆 | |
| 29 | 2001699406 | 2001699406 | 辽三/辽宁北配(第三批)/3915/ [索取号:R996/2=2] | 在馆 | |
| 30 | 2001699407 | 2001699407 | 辽三/辽宁北配(第三批)/3915/ [索取号:R996/2=2] | 在馆 |